Personnages de Avatar par images - Statistiques

Statistiques générales
  • Ce quiz a été pris 165 fois
  • Le résultat moyen est 11 sur 16
Statistiques - réponses
Par images Réponse % Correct
Jake
98%
Neytiri
94%
Spider
93%
Lo'ak
90%
Neteyam
90%
Kiri
88%
Varang
75%
Tsireya
71%
Miles Quaritch
67%
Grace
62%
Ronal
59%
Tsu'tey
56%
Tuktirey
50%
Norm
48%
Tonowari
44%
Moat
42%
Aucun quiz correspondant
Distribution des résultats
% des personnes avec chaque résultat
Percentile par nombre de réponses
Votre historique - résultats
Vous n’avez pas pris ce quiz